000 00311nam a22001337a 4500
008 181030b xxu||||| |||| 00| 0 eng d
020 _a9780683039665
041 _aeng
080 _25th
_a615
100 _a5
101 _aFAR
245 _aClinical Pharmacy and Therapeutics
_cHerfindal,E.T
942 _2udc
_cBK
999 _c51142
_d51142